Corporalidades /

Conjunto de ensayos que desde múltiples miradas abordan las representaciones sociales y el simbolismo vinculado con el cuerpo humano, tanto desde abordajes meramente teóricos, como anclados en aspectos concretos del asunto y/o en sociedades específicas.

محفوظ في:
التفاصيل البيبلوغرافية
المؤلف الرئيسي: Aguiluz Ibargüen, Maya (coord. y presen.)
مؤلف مشترك: Seminario Intervenciones sobre cuerpos y emociones
مؤلفون آخرون: Lazo Briones, Pablo (coordinación e introducción) (coordinación e introducción)
التنسيق: وقائع المؤتمر كتاب
اللغة:الإسبانية
منشور في: México : UNAM, Centro de Investigaciones Interdisciplinarias en Ciencias y Humanidades : Universidad Iberoamericana, Plantel Santa Fe, 2010, c2010
سلاسل:(Debate y Reflexión ; 32)
الموضوعات:
الوسوم: إضافة وسم
لا توجد وسوم, كن أول من يضع وسما على هذه التسجيلة!

MARC

LEADER 00000nam^a2200000^a^4500
001 000318888
005 20250521000000.0
009 20260310113425.896
020 |a 978-607-02-2089-0 
037 |a Acervo ITESO - Biblioteca 
041 |a ESP 
082 |a 746. 9204  |b AGU 
100 |a Aguiluz Ibargüen, Maya  |e (coord. y presen.) 
245 1 0 |a Corporalidades /  |c Coord. y presen. de M. Aguiluz Ibargüen ; coord. e introd. de P. Lazo Briones. 
264 4 |a México :  |b UNAM, Centro de Investigaciones Interdisciplinarias en Ciencias y Humanidades :  |b Universidad Iberoamericana, Plantel Santa Fe,  |c 2010, c2010 
300 |a 396 p. 
336 |a texto  |b txt  |2 rdacontenido 
337 |a sin mediación  |b n  |2 rdamedio 
338 |a volumen  |b nc  |2 rdasoporte 
440 1 |a (Debate y Reflexión ;  |v 32) 
520 |a Conjunto de ensayos que desde múltiples miradas abordan las representaciones sociales y el simbolismo vinculado con el cuerpo humano, tanto desde abordajes meramente teóricos, como anclados en aspectos concretos del asunto y/o en sociedades específicas. 
649 |a XX 
650 |a Desnudo -  |x Aspectos Sociales y Culturales 
650 |a Cuerpo Humano -  |x Aspectos Sociales y Culturales -  |x Tema Principal 
650 |a Cuerpo Humano -  |x Aspectos Políticos 
650 |a Cuerpo Humano en la Literatura 
650 |a Cuerpo Humano en los Medios de Comunicación 
650 |a Homosexualidad 
650 |a Sexualidad 
650 |a Género 
650 |a Asesinato 
650 |a Violencia 
650 |a Imaginario Social 
650 |a Simbolismo 
650 |a Feminismo 
650 |a Filosofía 
650 |a Sociología de la Cultura 
650 |a Antropología Cultural 
711 |a Seminario Intervenciones sobre cuerpos y emociones (  |c UNAM, Centro de Investigaciones Interdisciplinarias en Ciencias y Humanidades :  |d 2009) 
700 |a Lazo Briones, Pablo  |e (coordinación e introducción) 
910 |a Fondo General 
920 |a Impresos - Libros 
930 |a Colección General 
905 |a 101 
901 |a 0500205867  |b IT1  |c ACC  |i D57411  |u 20250521 
901 |a 0500205870  |b IT1  |c ACC  |i C130328  |u 20250521 
902 |a https://opac.biblio.iteso.mx/vufind/Record/000318888